Państwa z ukrytymi literami U,U,E,O,C,H,O,M,I,K-quiz z okazji 100k - Statystyki

Ogólne statystyki
  • Ten quiz został rozwiązany 258 razy
  • Średni wynik to 8 z 10
Odpowiedzi na mapie
Odpowiedzi zakodowano w zielono-czerwonej skali na mapie do tego quizu, zgodnie z poniższymi procentami.
 
Statystyki odpowiedzi
Litera Państwo % Poprawnych
U Kanada
94%
O Islandia
92%
H Egipt
91%
K Rosja
83%
O Kazachstan
82%
I Madagaskar
78%
C Japonia
77%
M Włochy
75%
U Australia
67%
E Namibia
41%
Nie znaleziono quizów pasujących do podanych kryteriów
Rozkład punktacji
Procent ludzi z każdym wynikiem
Percentyl według liczby udzielonych odpowiedzi
Twoja historia wyników
Nie rozwiązałeś tego quizu